Housing Corporation (Record no. 102782)
[ view plain ]
| 000 -LEADER | |
|---|---|
| fixed length control field | 01318cam a2200229 4500 |
| 001 - CONTROL NUMBER | |
| control field | J122134 |
| 008 - FIXED-LENGTH DATA ELEMENTS--GENERAL INFORMATION | |
| fixed length control field | 030429n2003 000 0 eng u |
| 035 ## - SYSTEM CONTROL NUMBER | |
| System control number | (Sirsi) u122134 |
| 041 ## - LANGUAGE CODE | |
| Language code of text/sound track or separate title | eng |
| 050 ## - LIBRARY OF CONGRESS CALL NUMBER | |
| Classification number | 352.5 |
| -- | 18 |
| 110 ## - MAIN ENTRY--CORPORATE NAME | |
| Corporate name or jurisdiction name as entry element | KPMG |
| 245 ## - TITLE STATEMENT | |
| Title | Housing Corporation |
| Remainder of title | good practice guide for RSLs addressing the performance of their DLOs |
| 260 ## - PUBLICATION, DISTRIBUTION, ETC. | |
| Place of publication, distribution, etc. | London |
| Name of publisher, distributor, etc. | Housing Corporation |
| Date of publication, distribution, etc. | 2003 |
| 520 ## - SUMMARY, ETC. | |
| Summary, etc. | A good practice guide aiming to give registered social landlords (RSLs) a methodology they can use to review and benchmark the performance of their direct labour organisations. Arranged in 10 sections the guide outlines a high level diagnostic, overall objectives of the repairs service, the strategic approach of the DLO, reporting procedures, work planning and systems, human resource management and presents management information. View at www.housingcorplibrary.org.uk. |
| 650 ## - SUBJECT ADDED ENTRY--TOPICAL TERM | |
| Topical term or geographic name entry element | DIRECT LABOUR ORGANISATIONS |
| 650 ## - SUBJECT ADDED ENTRY--TOPICAL TERM | |
| Topical term or geographic name entry element | SOCIAL HOUSING |
| 690 ## - LOCAL SUBJECT ADDED ENTRY--TOPICAL TERM (OCLC, RLIN) | |
| Topical term or geographic name as entry element | Block management |
| 9 (RLIN) | 6220 |
| 690 ## - LOCAL SUBJECT ADDED ENTRY--TOPICAL TERM (OCLC, RLIN) | |
| Topical term or geographic name as entry element | BUILDING AND CONSTRUCTION-REPAIRS AND MAINTENANCE |
| 710 ## - ADDED ENTRY--CORPORATE NAME | |
| Corporate name or jurisdiction name as entry element | Housing Corporation |
| 856 ## - ELECTRONIC LOCATION AND ACCESS | |
| Uniform Resource Identifier | <a href="https://www.housingcorplibrary.org.uk/housingcorp.nsf/AllDocuments/8ECE498357C017D280256D090057A986/$FILE/dloHousingCorpReport.pdf">https://www.housingcorplibrary.org.uk/housingcorp.nsf/AllDocuments/8ECE498357C017D280256D090057A986/$FILE/dloHousingCorpReport.pdf</a> |
| Hours access method available | View the report (pdf) on the Housing Corporation website... |
| 942 ## - ADDED ENTRY ELEMENTS (KOHA) | |
| Suppress in OPAC | 0 |
| Withdrawn status | Lost status | Source of classification or shelving scheme | Damaged status | Not for loan | Home library | Current library | Shelving location | Date acquired | Total Checkouts | Full call number | Barcode | Date last seen | Copy number | Price effective from | Koha item type |
|---|---|---|---|---|---|---|---|---|---|---|---|---|---|---|---|
| Dewey Decimal Classification | Virtual | Virtual | Online | 29/04/2003 | ONLINE PUBLICATION | 122134-1001 | 06/08/2019 | 1 | 06/08/2019 | Book |